000 00393nam a22001697a 4500
005 20160520124244.0
008 160520b xxu||||| |||| 00| 0 eng d
020 _a978-81-9709-187-8
041 _aeng
082 _b3515
100 _aVerma H.C.
_9816
245 _aConcepts of Physics
260 _bBharti Bhawan Pub.
300 _a461
650 _aDIPLOMA ENGINEERING
_9817
942 _cBK
999 _c1203
_d1203